000 00845nas a2200265 4500
001 BR0706166
003 BR-BrBNA
005 20231205111238.0
007 ta
008 230509b bl.|||p| |||| 00| 00por d
040 _aBR-BrBNA
_bpor
_cBiblioteca Nacional de Agricultura
041 _a(Pt)
072 _aF03
100 1 _aSarcinelli, T.S.
100 1 _aLynch, L. de S.
100 1 _aRibeiro Jr., E.S.
100 1 _aDias, L.E.
245 1 _aCrescimento de mudas de taxi-branco (Sclerolobiun paniculatum voguel)em respostas à omissão de macronutrientes
650 _aESPECIE NATIVA
650 _aNUTRIÇÃO MINERAL
650 _aMACROELEMENTO
773 0 _tRevista de Ciências Agrárias (Brazil)
_xISSN 1517-591X
_g(Jul-Dec 2004), v. 42 p. 109-125
_wBR0706166
909 _a202311
_bLúcia
_c55
_dLúcia Elande
942 _2AGRIS
_n0
_cANA
999 _c191588
_d191588